Monarchs of the Nile

محفوظ في:

المؤلف الرئيسي: Aidan Dodson

التنسيق: كتاب

اللغة: Undetermined

منشور في: London Rubicon 1995

الموضوعات:

الوسوم: إضافة وسم

لا توجد وسوم, كن أول من يضع وسما على هذه التسجيلة!

رقم الطلب: (X) DT76 .D637

LEADER 00624nam a2200181Ia 4500
008 221124s9999||||xx |||||||||||||| ||und||
050 4 |a (X) DT76 .D637 
100 1 |a Aidan Dodson 
245 1 0 |a Monarchs of the Nile  
264 1 |a London  |b Rubicon  |c 1995 
300 |a 238.p  |b geneal tables maps   |c 24 cm 
504 |a Includes bibliographical references and Index 
650 4 |a Egypt History 
650 4 |a Egypt Kings and rulers Biography 
650 4 |a Égypte Civilisation 
942 |2 lcc  |c BK 
952 |0 0  |1 0  |2 lcc  |4 0  |7 1  |9 44013  |a ARCE  |b ARCE  |d 2022-11-24  |l 0  |o (X) DT76 .D637  |p 1032602  |r 2022-11-24 00:00:00  |w 2022-11-24  |y BK 
999 |c 50470  |d 50470